Word Ladder: Canadian Prime Ministers Quiz Stats

 Plays Quiz Updated Oct 26, 2018

Score 0/26 Timer 03:00
0 Plays Today
Clue 4-Letter Word % Correct
CBS' 'The Big ____ Theory'BANG
99.2%
Slightly wetDAMP
97%
'Along ____ Polly'CAME
96.4%
Stick to help a limpCANE
96.4%
Postman's responsibilityMAIL
95.8%
Multiple beaver creationsDAMS
95.5%
A bucketPAIL
95.4%
Female domestic servantMAID
95.4%
Gave someone money for servicesPAID
95.4%
Tom Hardy Batman villainBANE
95.1%
Crooner CrosbyBING
94.9%
**First female PM Kim [WITH RUNG 20]**•CAMP-•
93.5%
Pants' supporterBELT
93.3%
Clue 4-Letter Word % Correct
Lima or chickpea, e.g.BEAN
93.2%
Policeman's patrol areaBEAT
91.7%
Comedienne RiversJOAN
87.7%
**[RUNG 17] predecessor Chrétien**•JEAN•
85.6%
French for cornMAÏS
85%
Elevated platformDAIS
82.8%
**First female PM Kim [WITH RUNG 7]**•-BELL•
82.6%
Formal social gatheringBALL
81.2%
Coffin linenPALL
75.9%
**First PM Macdonald**•JOHN•
74.9%
**2000s Liberal PM Martin**•PAUL•
70.6%
Ramming and crushing toolMAUL
69.1%
**$50 bill PM Mackenzie**•KING•
42.9%

Today's Daily Dose

Word Ladder
Lean on Me

Get the Picture
Superhero by Villain

You're not logged in!

Compare scores with friends on all Sporcle quizzes.
OR
Log In

Sporcle TV

Today on Sporcle TV


Watch our educational content, quiz creation guides, and fun videos on Sporcle TV.

Show Comments

Extras

Top Quizzes Today


Score Distribution

Your Account Isn't Verified!

In order to create a playlist on Sporcle, you need to verify the email address you used during registration. Go to your Sporcle Settings to finish the process.

Report this User

Report this user for behavior that violates our Community Guidelines.

Details: